1127 1522 1199 1264 1777 1867 1036 1574 1092 1776 1820 1103 1283 1772 1009 1565 1766 1280 1169 1356 1328 1138 1176 1923 1591 1730 1947 1090 1344 1275 1537 1492 1928 1267 1317 1042 1846 1010 1895 1291 1632 1898 1854 1808 1850 1553 1923 1689 1818 1948 1580 1780 1171 1448 1724 1552 1760 1934 1437 1813 1824 1672 1411 1598 1317 1363 1535 1322 1935 1773 1508 1013 1774 1881 1688 1497 1059 1259 1529 1699 1401 1742 1205 1643 1834 1798 1740 1609 1758 1724 1182 1959 1389 1712 1074 1764 1473 1412 1570 BCNSPRNW ULIB Ver.6.0+V

เปลี่ยนเป็นภาษาไทย

Change to English
 แสดงรายละเอียดบรรณานุกรม
  กลับหน้าหลัก

Brief Record : Get Marc (ISO 2709) : E-mail record : QR code < ปิดหน้าต่าง
LEADER : 00000nam 2200000uu 4500
001    13399113936
003     ULIB
008    110320s||||||||th 000 0 tha d
099    วจ.WA590^bป525ป
100 0  ปัณณธร ชัชวรัตน์
245 00 ปัจจัยที่มีผลต่อพฤติกรรมสุขภาพของสงฆ์ในเขต อำเภอเมือง จังหวัดพะเยา/^cปัณณธร ชัชวรัตน์
260    พะเยา :^bวิทยาลัยพยาบาลบรมราชชนนี พะเยา,^c2553
300    68 หน้า :^bตาราง
500    รายงานการวิจัย
650  7 พฤติกรรมสุขภาพ^xพระสงฆ์^xวิจัย
710 2  วิทยาลัยพยาบาลบรมราชชนนี. ^bพะเยา
945    ^p0^l0^i030967
995    ทศพร
999 ^a ใช้งานได้ทุกระบบ
รายการนี้ยังไม่มีแท็ก
คุณยังไม่ได้ล็อกอิน คุณสามารถมีกิจกรรมร่วมกับเว็บไซต์ได้ แต่ต้องล็อกอินก่อน ::
  ล็อกอิน

รายการสื่อสารสนเทศ

ลำดับที่ ประเภท เลขเรียก/บาร์โค้ด สถานที่ สถานะ
1. งานวิจัย
งานวิจัย
วจ.WA590 ป525ป ฉ.1 
  Barcode: 030967
ห้องสมุดวิทยาเขตสวรรค์ประชารักษ์
►วิจัย
บนชั้น

รายการใกล้เคียง
    ผู้แต่ง [ปัณณธร ชัชวรัตน์]

BibComment


ยังไม่เคยถูกคอมเมนท์

คอมเมนท์ทรัพยากรรายการนี้
  คอมเมนท์: ปัจจัยที่มีผลต่อพ..


 Copyright 2026. Bcnsprnw @Library